Greece Quiz Stats

 Plays Quiz not verified by Sporcle

Score 0/10 Timer 10:00
0 Plays Today
% Correct
Athens
99.6%
Thessaloniki
95.7%
Patra
83.7%
Larissa
70.5%
Volos
63.6%
Ioannina
53.9%
Kalamata
41.1%
Kavala
40.3%
Lamia
37.2%
Heraclion
28.3%

You're not logged in!

Compare scores with friends on all Sporcle quizzes.
OR
Log In

Show Comments

Extras

Top Quizzes Today


Score Distribution

Your Account Isn't Verified!

In order to create a playlist on Sporcle, you need to verify the email address you used during registration. Go to your Sporcle Settings to finish the process.

Report this User

Report this user for behavior that violates our Community Guidelines.

Details: